| 000 | 01463nam a2200349 a 4500 | ||
|---|---|---|---|
| 001 | |||
| 003 | OSt | ||
| 005 | 20211112071258.0 | ||
| 008 | 090630s2007 dr r 000 0 spa d | ||
| 020 | _a9789945161663 | ||
| 040 |
_aDO-SdBNP _bspa _cBPMSU |
||
| 082 |
_aRD863.4 _bB742p 2007 _222 |
||
| 100 | 1 |
_aPiña Contrera, Guillermo, _c1952- |
|
| 245 | 1 | 0 |
_aArqueología de un mundo imaginario, _bLa Mañosa de Juan Bosch / _cGuillermo Piña Contreras ; prólogo Marcio Veloz Maggiolo. |
| 246 | 1 | 3 | _aLa Mañosa de Juan Bosch |
| 260 |
_aSanto Domingo : _bComisión Permanente de Efemérides Patrias, _c2007. |
||
| 300 |
_a234 p. ; _c23 cm. |
||
| 490 | 0 |
_aPublicaciones de la Comisión Permanente de Efemérides Patrias _v26 |
|
| 500 | _aIncluye datos biográficos del autor en la solapa. | ||
| 500 | _aIncluye cronología de la vida de Juan Bosch (p.169-228). | ||
| 500 | _aIncluye referencias bibliográficas y notas al pie de las páginas. | ||
| 504 | _aBibliografía de La Mañosa : p. 161-168 | ||
| 563 | _aDos obras encuadernadas juntas con paginación continua | ||
| 590 | _aInventariado, 2021/VM | ||
| 600 | 1 | 0 |
_a Bosch, Juan, _d1909-2001 _xCrítica e interpretación |
| 610 | 1 | 4 | _aComisión Permanente de Efemérides Patrias (República Dominicana) |
| 650 | 4 |
_aCrítica literaria _zRepública Dominicana |
|
| 650 | 4 | _aNovela dominicana | |
| 700 | 1 |
_aVeloz Maggiolo, Marcio, _d1936-2021 _epról. |
|
| 910 | _aVMateo V. | ||
| 942 |
_2ddc _cBK |
||
| 999 |
_c13869 _d13869 |
||